The transnational legacy of Jean Piaget : (Registro nro. 8028)

Detalles MARC
000 -Cabecera
Campo de control interno 00483nam a2200181Ia 4500
005 - Fecha y hora del registro
control field 20260306160539.0
008 - Elementos de Longitud Fija
fixed length control field 260306t2023||||xx |||||||||||||| ||spa||
041 ## - Idioma
Codigo Idioma ESP
082 ## - DEWEY y NOTACIÓN INTERNA
Dewey 370.1
Notación Interna C24
100 ## - AUTOR
Autor denominación Campos, Regina Helena de Freitas,
Término de relación autor
245 #4 - TÍTULO DE MATERIAL BIBLIOGRÁFICO
Título The transnational legacy of Jean Piaget :
Título paralelo a view from the 21st century
260 ## - CIUDAD, EDITORIAL, AÑO
Año 2023
300 ## - DESCRIPCIÓN
N° Páginas xv, 320 páginas :
Dimensiones 24 cm.
650 ## - TEMAS
Temas Generalidades
654 ## - PROGRAMAS
Programa Dpto. de Educación
942 ## - ELEMENTOS DE KOHA
Tipo de documento Libro
Nombre del creador Justo Noguera
Código de catalogador Justo Noguera
Esquema de clasificación Dewey Decimal Classification
Suppress in OPAC
Existencias
Codigo completo Registro Colección Copia número Disponibilidad Tipo de préstamo Biblioteca Actual Procedencia (Biblioteca) Ubicacón Fecha Ingreso Tipo de Adquisición Date last seen Total checkouts Price effective from Tipo de Item Estado del Material Fuente de Clasificación Damaged status Withdrawn status
370.1 C24 1081380 Universidad Católica San Pablo 1 Disponible Disponible Víctor Andrés Belaunde Víctor Andrés Belaunde Planta baja abierta 03/06/2026 Donación 06/03/2026   06/03/2026 Libro Bueno Dewey Decimal Classification